Responses for show #4054 - Thursday, March 28, 2002

Contestants

[<< previous game]

Miriam Miller, an account manager from Washington, D.C.

Mary Llewellyn, an engineer from Los Angeles, California

Scott Schneider, a high school teacher from Louisville, Kentucky (whose 1-day cash winnings total $17,100)

[next game >>]

Jeopardy! Round responses

ISLAND HOPPING
THE WARD ROOM
GET YOUR ACT TOGETHER
TAKING A POSITION
TV THEME SONGS
HEY "EU"!
(Alex: Each correct response will begin with "E-U".)
    $200 6
Tahiti

Mary
    $200 26
Montgomery

Scott
    $200 16
equal pay

Mary
    $200 21
low

Scott
    $200 1
the Minnow

Miriam
    $200 8
a eulogy

Scott
    $400 7
Jamaica

Mary
    $400 27
Ward Cleaver

Mary
    $400 17
immigration

Scott
    $400 22
the wind

Mary
    $400 2
Baretta

Scott
    $400 12
Euclid

Scott
    $600 9
(Scott: What is Tasmania?)

North Island

Scott
Triple Stumper
    $600 28
Charlie Ward

Scott
    $600 18
silver dollars

Triple Stumper
    $600 23
(Mary: What is cis?)

hither

Mary
Triple Stumper
    $600 3
The Honeymooners

Scott
    $600 13
The Eurythmics

Scott
    $800 10
Corsica

Mary
    $2,000 29
(Alex: Anything come to mind?)

Julia Ward Howe

Scott
    $800 19
(Mary: What is Indiana?)

Tennessee

ScottMary
    $800 24
south

Miriam
    $800 4
The Andy Griffith Show

Scott
    $800 14
Eugene, Oregon

Scott
    $1000 11
the Aleutians

Scott
    $1000 30
Henry Ward Beecher

Mary
    $1000 20
antitrust

Mary
    $1000 25
(Alex: Minute to go now.)

the brink

Triple Stumper
    $1000 5
Cops

Scott
    $1000 15
a eucalyptus

Mary

Scores at the first commercial break (after clue 15):

Scott Mary Miriam
$5,200 $2,400 $200

Scores at the end of the Jeopardy! Round:

Scott Mary Miriam
$5,400 $4,000 $1,000

Double Jeopardy! Round responses

MUSIC
TRAVEL THE U.S.A.
LET'S SEE
MANLY TITLE MOVIE ROLES
(Alex: You have to name the actor who played the man in each title.)
THOREAU'S WALDEN
"K"2
    $400 6
"Greensleeves"

Mary
    $400 11
Maine

Scott
    $400 24
a periscope

Mary
    $400 1
Richard Harris

Triple Stumper
    $400 21
civil disobedience

Scott
    $400 16
a backpack (knapsack)

Mary
    $800 7
a conch

Mary
    $800 12
(Miriam: Who is Bush?)
(Alex: Yes. Which one?)
(Miriam: George, the senior one.)

George Bush the senior one

Miriam
    $800 25
an electron microscope

Mary
    $800 2
Frank Sinatra

Miriam
    $800 22
Don Henley

Scott
    $800 17
Hanukkah

Scott
    $1200 8
Gilbert & Sullivan

Mary
    $1200 13
Chicago

Scott
    $1200 26
(Mary: What is a retinoscope?)

an ophthalmoscope

ScottMary
    $1200 3
Billy Bob Thornton

Miriam
    $1200 23
quiet desperation

Miriam
    $1200 18
(Scott: What is Anakin?)

Skywalker

ScottMary
    $1600 9
journalists

Triple Stumper
    $2,000 14
Roswell, New Mexico

Scott
    $1600 27
a sextant

Mary
    $1600 4
Paul Scofield

Miriam
    $1,000 29
Emerson

Mary
    $1600 19
(Scott: What is a mukmuk?)

a mukluk

ScottMary
    $2000 10
a cantata

Mary
    $2000 15
(Alex: I notice you three
are staying away from "K"2. It's not as difficult
as it sounds. Each correct response contains two K's. That's what the category's all about.)
(Scott: You made me, Alex. "K"2 for $400.

Jefferson City

Triple Stumper
    $2000 28
(Scott: What is Mauna Loa?)
(Mary: What is Kilauea?)

Mauna Kea

ScottMary
Triple Stumper
    $2000 5
(Scott: Who is Bridges? [*]?)

Jeff Bridges

Scott
    $2000 30
transcendentalism

Mary
    $2000 20
knockwurst

Miriam

Scores at the end of the Double Jeopardy! Round:

Scott Mary Miriam
$9,400 $14,200 $8,600

[wagering suggestions for these scores]

Final Jeopardy! Round responses

NOBEL PRIZE WINNERS
MiriamWho is DuPont?
$7,000
ScottWho is ?
$9,400
MaryWho is Dupont
$7,400
Linus Pauling

Final scores:

Scott Mary Miriam
$0 $6,800 $1,600
3rd place: trip to Waikiki & stay at the Outrigger Hotel New champion: $6,800 2nd place: trip to the Caribbean by Costa

Game dynamics:

Coryat scores:

Scott Mary Miriam
$11,000 $14,800 $8,600
22 R
(including 1 DD),
5 W
(including 1 DD)
21 R
(including 1 DD),
4 W
8 R,
0 W

Combined Coryat: $34,400

The J! Archive is created by fans, for fans. The Jeopardy! game show and all elements thereof, including but not limited to copyright and trademark thereto, are the property of Jeopardy Productions, Inc. and are protected under law. This website is not affiliated with, sponsored by, or operated by Jeopardy Productions, Inc. Join the discussion at JBoard.tv.